000 01170nam0a22003011 4500
001 v19\rc\1907368
005 20251118180542.5
035 _a(NLR Aleph) 004996460
090 _a6340842
_c6340842
100 _a20080404d1911 u y0rusy50 ca
101 0 _arus
102 _aRU
105 _ay j |||a|
200 1 _aПчеловодная хрестоматия
_e(Сб. стихотворений, очерков, рассказов, легенд, пословиц, поговорок, загадок и т. п., относящихся до пчелы и пчеловодства)
_fВ.П. Попов, пред. Пенз. о-ва пчеловодства
210 _aПенза
_cГуб. тип.
_d1911
215 _a112 с.
_d25
700 1 _aПопов
_bВ. П.
_cпчеловод
_f1862-1918
_gВладимир Павлович
_9230376
_3RU\NLR\AUTH\770230432
801 0 _aRU
_bNLR
_gpsbo
801 0 _aRU
_bRuMoRGB
_2psbo
801 1 _aRU
_bProSoft-M
_2rusmarc
852 _aNLR
_j20.93.9.156
899 _aRuMoRGB
_jT 38/64
899 _aRuMoRGB
_jT 34/2028
899 _aRuMoRGB
_jФ 1-77/11929
899 _aБАН
942 _cBOOK
980 _aNB